| 000 | 00460nam a2200169 4500 | ||
|---|---|---|---|
| 001 | 138466 | ||
| 003 | ES-MaACL | ||
| 005 | 20230906195554.0 | ||
| 007 | t| | ||
| 008 | 070214s1968 sp r ||||1| spa d | ||
| 100 | 1 |
_aSanjuán, José María. _9103158 |
|
| 245 | 1 | 0 |
_aRéquiem por todos nosotros / _cJosé María Sanjuan. |
| 250 | _a1ª ed. | ||
| 260 |
_aBarcelona : _bDestino, _c1968. |
||
| 300 |
_a321 p. ; _c19 cm. |
||
| 852 |
_aES-MaACL _jB-8532 _bR.65651 |
||
| 999 |
_c138466 _d138466 |
||